| Tag |
First Indicator |
Second Indicator |
Subfields |
| LEADER |
00000cas a2200000 a 4500 |
| 001 |
in00000097490 |
| 005 |
20150924085142.0 |
| 008 |
760518d19731996nyugr r 0 0engm |
| 010 |
|
|
|a 76641618
|
| 022 |
|
|
|a 0361-7947
|
| 035 |
|
|
|a (OCoLC)02247018
|
| 035 |
|
|
|9 AAK9111AM
|
| 037 |
|
|
|b 355 Lexington Ave., NY 10017
|
| 040 |
|
|
|a DLC
|c DLC
|d NSD
|d OCL
|d TXA
|d UtOrBLW
|
| 042 |
|
|
|a lc
|a nsdp
|
| 043 |
|
|
|a n-us---
|
| 049 |
|
|
|a TXAE
|
| 090 |
|
|
|a PN2266
|b .T48
|
| 222 |
|
0 |
|a Theatre profiles
|
| 245 |
0 |
0 |
|a Theatre profiles.
|
| 264 |
|
1 |
|a [New York] :
|b Theatre Communications Group,
|c [1973-1996]
|
| 264 |
|
4 |
|c ©1973-1996
|
| 300 |
|
|
|a 12 volumes :
|b illustrations ;
|c 28 cm.
|
| 310 |
|
|
|a Biennial
|
| 336 |
|
|
|a text
|b txt
|2 rdacontent
|
| 337 |
|
|
|a unmediated
|b n
|2 rdamedia
|
| 338 |
|
|
|a volume
|b nc
|2 rdacarrier
|
| 362 |
0 |
|
|a Vol. 1 (1973)-12.
|
| 500 |
|
|
|a An informational handbook of nonprofit professional theatres in the United States.
|
| 650 |
|
0 |
|a Theaters
|z United States
|v Directories.
|
| 710 |
2 |
|
|a Theatre Communications Group.
|
| 949 |
|
|
|a updated
|b h
|c 2001/12/21
|e coplinge
|f 11:16:50 am
|
| 999 |
|
|
|a MARS
|
| 999 |
f |
f |
|s ad924e7a-4aff-3491-a2ff-b2e2e90e3fe7
|i 927a015f-84e2-348f-9ea9-7f39737d88f0
|t 0
|
| 952 |
f |
f |
|p normal
|a Texas A&M University
|b College Station
|c Sterling C. Evans Library
|d Evans: Library Stacks
|t 0
|e PN2266 .T48
|h Library of Congress classification
|i unmediated -- volume
|k v.9
|l 1990
|m A14812241122
|
| 952 |
f |
f |
|p normal
|a Texas A&M University
|b College Station
|c Sterling C. Evans Library
|d Evans: Library Stacks
|t 0
|e PN2266 .T48
|h Library of Congress classification
|i unmediated -- volume
|k v.7
|l 1986
|m A14809387804
|
| 952 |
f |
f |
|p normal
|a Texas A&M University
|b College Station
|c Sterling C. Evans Library
|d Evans: Library Stacks
|t 0
|e PN2266 .T48
|h Library of Congress classification
|i unmediated -- volume
|k v.4
|l 1979
|m A14807903549
|
| 952 |
f |
f |
|p normal
|a Texas A&M University
|b College Station
|c Sterling C. Evans Library
|d Evans: Library Stacks
|t 0
|e PN2266 .T48
|h Library of Congress classification
|i unmediated -- volume
|k v.2
|l 1975
|m A14807552623
|
| 952 |
f |
f |
|p normal
|a Texas A&M University
|b College Station
|c Sterling C. Evans Library
|d Evans: Library Stacks
|t 0
|e PN2266 .T48
|h Library of Congress classification
|i unmediated -- volume
|k v.8 c.2
|l 1988
|m A14811652134
|
| 952 |
f |
f |
|p normal
|a Texas A&M University
|b College Station
|c Sterling C. Evans Library
|d Evans: Library Stacks
|t 0
|e PN2266 .T48
|h Library of Congress classification
|i unmediated -- volume
|k v.3
|l 1977
|m A14807904024
|
| 952 |
f |
f |
|p normal
|a Texas A&M University
|b College Station
|c Sterling C. Evans Library
|d Evans: Library Stacks
|t 0
|e PN2266 .T48
|h Library of Congress classification
|i unmediated -- volume
|k v.12
|l 1996
|m A14817951918
|
| 952 |
f |
f |
|p normal
|a Texas A&M University
|b College Station
|c Sterling C. Evans Library
|d Evans: Library Stacks
|t 0
|e PN2266 .T48
|h Library of Congress classification
|i unmediated -- volume
|k v.7 c.2
|l 1986
|m A14809679683
|
| 952 |
f |
f |
|p normal
|a Texas A&M University
|b College Station
|c Sterling C. Evans Library
|d Evans: Library Stacks
|t 0
|e PN2266 .T48
|h Library of Congress classification
|i unmediated -- volume
|k v.10
|l 1992
|m A14815414960
|
| 952 |
f |
f |
|p normal
|a Texas A&M University
|b College Station
|c Sterling C. Evans Library
|d Evans: Library Stacks
|t 0
|e PN2266 .T48
|h Library of Congress classification
|i unmediated -- volume
|k v.11
|l 1994
|m A14818034248
|
| 952 |
f |
f |
|p normal
|a Texas A&M University
|b College Station
|c Sterling C. Evans Library
|d Evans: Library Stacks
|t 0
|e PN2266 .T48
|h Library of Congress classification
|i unmediated -- volume
|k v.8
|l 1988
|m A14811312881
|
| 952 |
f |
f |
|p normal
|a Texas A&M University
|b College Station
|c Sterling C. Evans Library
|d Evans: Library Stacks
|t 0
|e PN2266 .T48
|h Library of Congress classification
|i unmediated -- volume
|k v.1
|l 1973
|m A14809393122
|
| 952 |
f |
f |
|p normal
|a Texas A&M University
|b College Station
|c Sterling C. Evans Library
|d Evans: Library Stacks
|t 0
|e PN2266 .T48
|h Library of Congress classification
|i unmediated -- volume
|k v.6
|l 1984
|m A14808074408
|
| 998 |
f |
f |
|a PN2266 .T48
|s v.7-12 (1986-1996)
|t 0
|l Evans: Library Stacks
|
| 998 |
f |
f |
|a PN2266 .T48
|s v.6 (1984)-v.8 (1988)
|t 0
|l Evans: Library Stacks
|